| 000 | 00943nam a22003017a 4500 | ||
|---|---|---|---|
| 003 | CHAP | ||
| 005 | 20220329141744.0 | ||
| 008 | 971013s1952 r 00010 d | ||
| 010 | _a73373 | ||
| 011 | _a74345 | ||
| 035 | _a83904 | ||
| 040 | _cCHAP | ||
| 082 |
_a635 _bG37 |
||
| 100 | 0 | 0 |
_aGarcĂa Romero, Arturo. _946548 |
| 245 | _aHorticultura | ||
| 260 |
_aBarcelona : _bSalvat, _c1952 |
||
| 300 |
_a144 p. _b: ilus. |
||
| 590 |
_aBATCH-UPD _b10 _c20130110 _lUCH01 _h0702 |
||
| 590 |
_aBATCH-UPD _b10 _c20130410 _lUCH01 _h0348 |
||
| 590 |
_aBATCH-UPD _b10 _c20130914 _lUCH01 _h1530 |
||
| 590 |
_aCONVERSION _b10 _c20130109 _lUCH01 _h1340 |
||
| 650 | 1 | 4 |
_aHorticultura. _956291 |
| 901 | _aBK | ||
| 942 | _cLIBRO | ||
| 949 |
_a635 G37 _bBC _cLIBRO _d33724000243077 _eLIBRO _fc.2 _h23951 _i83904 _si |
||
| 949 |
_a635 G37 _bBC _cLIBRO _d33724000678074 _eLIBRO _h23950 _i83904 _si |
||
| 949 |
_a635 G37 _bBC _cLIBRO _d33724000763587 _eLIBRO _fc.4 _h16514 _i83904 _si |
||
| 999 |
_c73373 _d73373 |
||